| 000 | 00729nam a2200205 a 4500 | ||
|---|---|---|---|
| 005 | 20240925064744.0 | ||
| 008 | 010709s2000 r 000 0 eng d | ||
| 020 | _a9706546685 | ||
| 035 | _aUPN01000109413 | ||
| 049 | _aCG | ||
| 050 | 4 |
_aKGF3421 _bS6.3 |
|
| 245 | 1 | 0 |
_aSociedad, derecho y medio ambiente / _ccoord. Martha Bañuelos. |
| 260 |
_aMéxico : _bCONACYT : _bUAM : _bPROFEPA, _c2000. |
||
| 300 |
_a541 p. : _bil., cuadros |
||
| 500 | _a"Primer informe del programa de investigación sobre aplicación y cumplimiento de la legislación ambiental en México" | ||
| 650 | 4 |
_aDERECHO AMBIENTAL - _zMEXICO _914079 |
|
| 650 | 7 |
_aPolítica ambiental _zMéxico _2 _91372 |
|
| 700 | 1 |
_aBañuelos, Martha, _ecoord. |
|
| 905 | _aLibro | ||
| 999 |
_c83324 _d83324 |
||